Postavenie Arménska v medzinárodných vzťahoch
Arménsko ako vnútrozemský štát rozličných etnických skupín, náboženstiev a kultúr. Atmosféra nedôvery medzi národmi. Vznik samostatnosti v roku 1991. Rozpad Sovietskeho zväzu a vojna s Azerbajdžanom o Náhorný Karabach. Ekonomická blokáda zo strany Turecka a Azerbajdžanu. Ničivé dopady na ekonomiku A...
Uložené v:
| Hlavný autor: | |
|---|---|
| Médium: | Kapitola |
| Jazyk: | Slovak |
| Predmet: | |
| Tagy: |
Žiadne tagy, Buďte prvý, kto otaguje tento záznam!
|
MARC
| LEADER | 00000naa$a2200000$$$4500 | ||
|---|---|---|---|
| 001 | 0047995 | ||
| 005 | 20240502071542.4 | ||
| 041 | 0 | |a slo | |
| 044 | |a SK | ||
| 245 | 1 | 0 | |a Postavenie Arménska v medzinárodných vzťahoch |c Ruben Stepanyan |
| 520 | |a Arménsko ako vnútrozemský štát rozličných etnických skupín, náboženstiev a kultúr. Atmosféra nedôvery medzi národmi. Vznik samostatnosti v roku 1991. Rozpad Sovietskeho zväzu a vojna s Azerbajdžanom o Náhorný Karabach. Ekonomická blokáda zo strany Turecka a Azerbajdžanu. Ničivé dopady na ekonomiku Arménska. | ||
| 610 | 2 | 0 | |a vzťahy medzinárodné |
| 610 | 2 | 0 | |a politika zahraničná |
| 610 | 2 | 0 | |a konflikty |
| 610 | 2 | 0 | |a vojny |
| 610 | 2 | 0 | |a národ |
| 610 | 2 | 0 | |a náboženstvo |
| 610 | 2 | 0 | |a štát |
| 610 | 2 | 0 | |a nezávislosť |
| 610 | 2 | 0 | |a Arménsko |
| 100 | 1 | |a Stepanyan, Ruben | |